00481nam a2200145Ia 4500008004100000041000800041082001200049100002500061245002600086260004500112300003200157365001100189999001700200952011800217240624s9999 xx 000 0 und d aeng a200 RAT aRATHORE AAKASH SINGH aBUDDHA AND HIS DHAMMA c2011aNew DelhibOxford University Press axxxi, : 325 : p. : cm. ; 23 cRSb25 c16707d16707 00104070aIMTNbIMTNcRack 4-Ad2011-03-18eWBDg895.00o200 RATp16707r2024-06-24 00:00:00t1w2024-06-24yBK